| 000 | 00954nam0a22002771 4500 | ||
|---|---|---|---|
| 001 | v19\rc\1994385 | ||
| 005 | 20250619230038.0 | ||
| 035 | _a(NLR Aleph) 005070804 | ||
| 090 |
_a7093586 _c7093586 |
||
| 100 | _a20080811d1914 |||y0rusy50 ca | ||
| 101 | 0 | _arus | |
| 102 | _aRU | ||
| 105 | _ay z ||||| | ||
| 200 | 1 | _aПроект устава Кассы взаимопомощи служащих акционерного общества Н. Феттер и Е. Гинкель | |
| 210 |
_aМосква _d[1914] |
||
| 215 | _a8 с. | ||
| 309 | _aБез тит. л. и обл. | ||
| 702 | 1 |
_aФеттер _bН. _4570 |
|
| 702 | 1 |
_aГинкель _bЕ. _4570 |
|
| 710 | 0 | 2 |
_aФеттер, Н. и Гинкель, Е., торг. д. _cМосква _bКасса взаимопомощи служащих |
| 801 | 0 |
_aRU _bNLR _gpsbo |
|
| 801 | 0 |
_aRU _bRuMoRGB _2psbo |
|
| 801 | 1 |
_aRU _bProSoft-M _2rusmarc |
|
| 852 |
_aNLR _j37.57.8.62 |
||
| 942 | _cBOOK | ||
| 980 | _aNB | ||